Países com Mais Falantes de Russo - Statistics

Estatísticas Gerais
  • Esse quiz foi jogado 9 131 vezes
  • A pontuação média é 11 de 16
Estatísticas das Respostas
# Falantes % País % Correto
118,581,514 85.7 Rússia
100%
14,273,670 29.6 Ucrânia
96%
6,672,964 70.2 Bielorrússia
90%
3,793,800 21.2 Cazaquistão
78%
383,118 29.6 Estônia
78%
698,757 33.8 Letónia
78%
218,383 7.20 Lituânia
77%
900,205 0.30 Estados Unidos
69%
77,177 1.40 Finlândia
67%
264,162 9.70 Moldávia
59%
2,257,000 2.80 Alemanha
58%
122,449 1.40 Azerbaijão
56%
305,802 5.40 Turquemenistão
56%
482,200 8.90 Quirguistão
54%
112,150 0.30 Canadá
52%
1,155,960 15.0 Israel
15%
Nenhum quiz correspondente encontrado
Distribuição das Pontuações
Porcentagem de Pessoas com Cada Pontuação
Percentil de Números Respondidos
Sua Pontuação Histórica
Você não jogou esse quiz